The Best Airlines in Africa 2025 - Statistics

General Stats
  • This quiz has been taken 75 times
  • The average score is 5 of 10
Answer Stats
Rank Airline % Correct
1 Ethiopian Airlines
91%
4 South African Airways
91%
5 Egyptair
84%
7 Kenya Airways
79%
6 Royal Air Maroc
72%
2 Air Mauritius
47%
3 RwandAir
31%
8 FlySafair
10%
10 Fastjet
2%
9 LIFT
2%
No matching quizzes found
Score Distribution
Percent of People with Each Score
Percentile by Number Answered
Your Score History
You have not taken this quiz